| 000 | 00808nam a22002417a 4500 | ||
|---|---|---|---|
| 999 |
_c10018 _d10018 |
||
| 003 | AR-CdUCM | ||
| 008 | 190329b ||||| |||| 00| 0 spa d | ||
| 040 |
_aMUNICIPALIDAD PROVINCIAL DEL CUSCO _cBIBLIOTECA MUNICIPAL DEL CUSCO |
||
| 041 | _hfr | ||
| 082 |
_aEP / 800 / _bV52 |
||
| 100 |
_aVerne, Julio _910153 |
||
| 245 | _aAventuras de un niño Irlandés / | ||
| 260 |
_aBarcelona : _bEditorial Molino, _c1963. |
||
| 300 |
_a238 páginas ; _c19 cm. |
||
| 440 |
_aColección Molino _926559 |
||
| 505 | _aContenido: En el fondo de Connaught -- Muñecos reales -- Ragged School -- El entierro de una gaviota -- Aun la Ragged School... | ||
| 650 |
_aAventura _91719 |
||
| 650 |
_aFicción _9184 |
||
| 650 |
_aVerne _910952 |
||
| 700 |
_aColección Molino _926618 |
||
| 942 |
_2ddc _cLIBROS |
||
| 945 | _adavv | ||